01421nam a2200349 a 450000100060000000300100000600500170001600700030003300800410003602000180007704000300009504300120012508200230013710000420016024000390020224501350024125000390037630000570041533600270047233700330049933800280053249000330056063000530059365000730064665000870071970000470080677600370085394200120089094900190090299900170092195201330093857958CO-BoRNBP20250813202407.0ta150226s2014 ck o gr 00010 spa d a9789585817562 aCO-BoBLA bspa cCO-BoBLA as-ck---04a792.8 bA74d1 2211 aArgel Raciny, Sandra Patricia.96213410aLa Guajira-Bibliografía regional10aDanza-en-con-tensión : bel Plan Nacional de Danza 2010-2020 visto desde Miraflores (Guaviare) / cSandra Patricia Argel Raciny. aEdición Yolanda López Correal. a116 páginas : bfotografías ; c24 cm + e1 DVD. 2rdacontentatextobtxt 2rdamediaasin mediaciónbn 2rdacarrieravolumenbnc1 aColección Danza en estudio17aPlan Nacional de Danzaz Colombiay 2009.962135 7aDanzaz Miraflores (Guaviare, Colombia)y 2010-2020.2BLAAUTO962136 7aPolítica culturalz Miraflores (Guaviare, Colombia)y 2010-2020.2BLAAUTO9621371 aLópez Correal, Yolanda,eeditora.9621380 iEl DVD es complemento del libro. 2ddccBK an bn c57958d57958 00102ddc40708GENaMEPLOPEZbMEPLOPEZcGENd2025-08-13l0o792.8 A74d1 pPLZ02657r2025-08-13 20:24:29tEj.1w2025-08-13yBK